| 000 | 00603nam a22001937a 4500 | ||
|---|---|---|---|
| 005 | 20250322062741.0 | ||
| 008 | 250322b |||||||| |||| 00| 0 eng d | ||
| 040 |
_aIN-DiNC _cIN-DiNC |
||
| 041 | _dasm | ||
| 082 |
_a398.0954162 _bRON |
||
| 245 |
_aRongali/ _ced. by Hema Gogoi, Jatin Gogoi and Pabitra Mohon Phukan |
||
| 260 |
_aSivsagar: _bSodou Asom bihuwa, bihuwoti bihu bisheshagya aru bihu bicharak samiti: _cn.a. |
||
| 300 | _a152p. | ||
| 650 | _aBook on Bihu | ||
| 700 |
_aGogoi, Hema _eEditor |
||
| 700 |
_aGogoi, Jatin _eEditor |
||
| 700 |
_aPhukan, Pabitra Mohon _eEditor |
||
| 942 |
_2ddc _cBK |
||
| 999 |
_c12172 _d12172 |
||